000 01873cam a2200325 i 4500
003 SA-RiAUC
005 20241212063205.0
008 241207s1993 su a f b 00010 ara c
040 _aSA-RiAUC
_bara
_cSA-RiAUC
_erda
043 _aa-su---
082 0 4 _a378.1
_qSA-RiAUC
090 _a378.1
_bب خ ا
100 1 _aبخاري، سلطان سعيد مقصود،
_d1373 هجري-
_eمؤلف.
245 1 0 _aأهم المشكلات التي تواجه الأقسام الأكاديمية في كل من جامعة أم القرى وجامعة الملك عبد العزيز /
_cإعداد سلطان سعيد مقصود بخاري.
264 1 _aمكة المكرمة :
_bجامعة أم القرى، معهد البحوث العلمية وإحياء التراث الإسلامي :
_bمركز البحوث التربوية والنفسية،
_c[1993]
300 _a79 صفحة :
_bجداول ؛
_c24 سم.
336 _aنص
_btxt
_2rdacontent
_3كتاب
337 _aبدون وسيط
_bn
_2rdamedia
338 _aمجلد
_bnc
_2rdacarrier
490 1 _aسلسلة الدراسات والبحوث النفسية / جامعة أم القرى (مكة المكرمة)، مركز البحوث التربوية والنفسية ؛
_v31
504 _aببليوجرافية : صفحة 69-79.
525 _aيشتمل على ملاحق.
610 2 7 _aجامعة أم القرى
_2aucnm
610 2 7 _aجامعة الملك عبد العزيز
_2aucnm
650 7 _aالتعليم العالي
_zالسعودية
_xإدارة
_2aucsh
650 7 _aالجامعات والكليات
_zالسعودية
_xإدارة
_2aucsh
830 0 _aسلسلة الدراسات والبحوث النفسية / جامعة أم القرى (مكة المكرمة)، مركز البحوث التربوية والنفسية
_v31
942 _2ddc
_cBOOK
_n0
949 _aSA-JeALM
_d241207
_uosman123
_n1
999 _c3374
_d3374